Leicestershire Places - Sudden Death - Statistics

General Stats
  • This quiz has been taken 69 times
  • The average score is 9 of 14
Answers on the Grid
Answers color-coded by a green-red scale on the quiz's grid according to % correct below.
Ashby De La Zouch
Barrow upon Soar
Basingstoke
Birstall
Bognor Regis
Castle Donington
Coalville
Earl Shilton
Hereford
Hinckley
Huddersfield
Kegworth
Leicester
Loughborough
Ludlow
Lutterworth
Mablethorpe
Market Harborough
Marlborough
Melton Mowbray
Paignton
Preston
Quorn
Redcar
Rugby
Tamworth
Towcester
Wakefield
 
Answer Stats
Answer % Correct
Leicester
82%
Ashby De La Zouch
76%
Loughborough
76%
Market Harborough
76%
Coalville
71%
Melton Mowbray
69%
Lutterworth
64%
Earl Shilton
62%
Hinckley
62%
Quorn
60%
Birstall
58%
Castle Donington
58%
Barrow upon Soar
53%
Kegworth
49%
No matching quizzes found
Score Distribution
Percent of People with Each Score
Percentile by Number Answered
Your Score History
You have not taken this quiz